भुगोल शब्दकोश (Record no. 111328)

MARC details
000 -LEADER
fixed length control field 00441nam a2200157Ia 4500
008 - FIXED-LENGTH DATA ELEMENTS--GENERAL INFORMATION
fixed length control field 090124s9999 xx 000 0 und d
020 ## - INTERNATIONAL STANDARD BOOK NUMBER
International Standard Book Number 81-88909-16-5
082 ## - DEWEY DECIMAL CLASSIFICATION NUMBER
Item number 45110
245 ## - TITLE STATEMENT
Title भुगोल शब्दकोश
250 ## - EDITION STATEMENT
Edition statement 0
300 ## - PHYSICAL DESCRIPTION
Extent 327
630 ## - SUBJECT ADDED ENTRY--UNIFORM TITLE
Uniform title भुगोल शब्दकोश
700 ## - ADDED ENTRY--PERSONAL NAME
Personal name साळी चेतन शंकर
730 ## - ADDED ENTRY--UNIFORM TITLE
Uniform title भुगोल शब्दकोश
942 ## - ADDED ENTRY ELEMENTS (KOHA)
Koha item type Book
Holdings
Withdrawn status Lost status Damaged status Not for loan Home library Current library Date acquired Cost, normal purchase price Total Checkouts Full call number Barcode Date last seen Cost, replacement price Price effective from Koha item type
        Nagar Wachan Mandir, Thane Nagar Wachan Mandir, Thane   395.00   45110 THNNWM-45110 01/24/2009 395.00 01/24/2009 Book